000 01615cam a22001814a 4500
005 20250605163327.0
008 250528s ||||||||||||||||||||||||d
035 _a16949
020 _a9602097647
040 _aGR-AtMCL
_bgre
_dGR-AtMCL
_eAACR2
245 1 _aΒήμα-Βήμα Microsoft Office Frontpage 2003 / Μάθετε με το Δικό σας Ρυθμό - Αναπτύξτε τις Ικανότητες που Χρειάζεστε - Εξασκηθείτε με Παραδείγματα από την Πράξη
260 _bΚλειδάριθμος,
_c2004
300 _a360
520 _aΟ Έξυπνος τρόπος για να μάθετε το Microsoft Office FrontPage 2003 με ένα βήμα κάθε φορά. Includes CD-ROM. Κατανόηση του Τρόπου Λειτουργίας του FrontPage, Παρουσίαση Πληροφοριών σε Λίστες και Πίνακες, Βελτίωση Τοποθεσίας Ιστού με Γραφικά, Δημιουργία Τοποθεσίας Ιστού από το Μηδέν, Αλλαγή Διάταξης Ισοσελίδας, Βελτίωση των Δυνατοτήτων της Τοποθεσίας Ιστού σας, Επικοινωνία με τους Επισκέπτες σας, Δημιουργία Τοποθεσίας Ιστού για Υποστήριξη Ομαδικών Έργων, Δημοσίευση της Τοποθεσίας Ιστού σας, Διαχείριση της Τοποθεσίας Ιστού σας, Γλωσσάρι, Ευρετήριο.
942 _cBK
999 _c2392
_d2392